| Tag |
First Indicator |
Second Indicator |
Subfields |
| LEADER |
00000cam a2200000 a 4500 |
| 001 |
in00001383421 |
| 008 |
961121s1996 dcuab b f000 0 eng |
| 005 |
20230331145501.9 |
| 010 |
|
|
|a 96051656
|
| 020 |
|
|
|a 0607870443 (pbk.)
|
| 035 |
|
|
|a (OCoLC)ocm36008632
|
| 035 |
|
|
|9 AHK8019AM
|
| 035 |
|
|
|a in00001383421
|
| 040 |
|
|
|a DLC
|c DLC
|d GPO
|d AGL
|d GPO
|d DLC
|d MvI
|d UtOrBLW
|
| 043 |
|
|
|a n-us-fl
|
| 049 |
|
|
|a UDOC
|
| 049 |
|
|
|a WWW
|
| 050 |
0 |
0 |
|a GC512.F6
|b M38 1996
|
| 070 |
0 |
|
|a 407
|b G29W no.2486
|
| 072 |
|
0 |
|a M400
|
| 074 |
|
|
|a 0625
|
| 074 |
|
|
|a 0625 (online)
|
| 082 |
0 |
0 |
|a 551.46/34
|2 21
|
| 086 |
0 |
|
|a I 19.13:2486
|
| 100 |
1 |
|
|a McPherson, Benjamin F.
|
| 245 |
1 |
0 |
|a Physical, chemical, and biological characteristics of the Charlotte Harbor basin and estuarine system in southwestern Florida :
|b a summary of the 1982-89 U.S. Geological Survey Charlotte Harbor Assessment and other studies /
|c by Benjamin F. McPherson, Ronald L. Miller, and Yvonne E. Stoker.
|
| 246 |
3 |
0 |
|a Summary of the 1982-89 U.S. Geological Survey Charlotte Harbor Assessment and other studies
|
| 264 |
|
1 |
|a Washington :
|b U.S. G.P.O. ;
|c [1996]
|
| 264 |
|
2 |
|a Denver, CO :
|b For sale by USGS Information Services,
|
| 300 |
|
|
|a iv, 32 pages :
|b illustrations (some color), maps ;
|c 28 cm.
|
| 336 |
|
|
|a text
|b txt
|2 rdacontent
|
| 337 |
|
|
|a unmediated
|b n
|2 rdamedia
|
| 338 |
|
|
|a volume
|b nc
|2 rdacarrier
|
| 490 |
1 |
|
|a U.S. Geological Survey water-supply paper ;
|v 2486
|
| 500 |
|
|
|a "Prepared in cooperation with the Florida Department of Environmental Protection."
|
| 500 |
|
|
|a Shipping list number: 97-0266-P.
|
| 504 |
|
|
|a Includes bibliographical references (pages 28-32).
|
| 530 |
|
|
|a Also available via Internet from the USGS web site. Address as of 9/21/02: http://fl.water.usgs.gov/Abstracts/wsp2486m̲cpherson.html; current access is available via PURL
|
| 650 |
|
0 |
|a Estuarine oceanography
|z Florida
|z Charlotte Harbor (Bay)
|
| 700 |
1 |
|
|a Miller, Ronald L.
|q (Ronald Lewis)
|
| 700 |
1 |
|
|a Stoker, Yvonne E.
|
| 710 |
2 |
|
|a Geological Survey (U.S.)
|
| 710 |
1 |
|
|a Florida.
|b Department of Environmental Protection.
|
| 830 |
|
0 |
|a U.S. Geological Survey water-supply paper ;
|v 2486.
|
| 856 |
4 |
2 |
|u https://purl.fdlp.gov/GPO/LPS22521
|t 0
|
| 999 |
|
|
|a MARS
|
| 999 |
f |
f |
|i ad886c54-9f0a-3b87-9bae-bbe995db3a09
|s 837f9ff5-b49e-31ac-a54e-874a7b86b129
|t 0
|
| 952 |
f |
f |
|p normal
|a Texas A&M University
|b College Station
|c Sterling C. Evans Library
|d Evans: US Documents (Annex 5th floor)
|t 0
|e I 19.13:2486
|h Superintendent of Documents classification
|i unmediated -- volume
|m A14821675443
|
| 952 |
f |
f |
|a Texas A&M University
|b College Station
|c Electronic Resources
|d Available Online
|t 0
|e I 19.13:2486
|h Superintendent of Documents classification
|
| 998 |
f |
f |
|a I 19.13:2486
|t 0
|l Evans: US Documents (Annex 5th floor)
|
| 998 |
f |
f |
|a I 19.13:2486
|t 0
|l Available Online
|